Loading...

Primate evolution /

Bibliografiske detaljer
Hovedforfatter: Simsons
Format: Printed Book
Sprog:English
Udgivet: Mac Millan c1972.
LEADER 00326nam a2200109Ia 4500
008 130611s9999 xx 000 0 eng d
100 |a Simsons 
245 |a Primate evolution / 
260 |b Mac Millan  |c c1972. 
942 |c BK 
999 |c 128400  |d 128400 
952 |0 0  |1 0  |4 0  |7 0  |9 141784  |a ZOO  |b ZOO  |c ST1  |d 2013-06-11  |l 0  |p ZOO2745  |r 2013-06-11  |w 2013-06-11  |y BK